<?xml version="1.0" encoding="UTF-8"?>
<record
    xmlns:xsi="http://www.w3.org/2001/XMLSchema-instance"
    xsi:schemaLocation="http://www.loc.gov/MARC21/slim http://www.loc.gov/standards/marcxml/schema/MARC21slim.xsd"
    xmlns="http://www.loc.gov/MARC21/slim">

  <leader>00887na  a2200265   4500</leader>
  <controlfield tag="001">19809</controlfield>
  <controlfield tag="003">MIRAKIL</controlfield>
  <controlfield tag="005">20181213155039.0</controlfield>
  <controlfield tag="008">161227b        tu            000 0      </controlfield>
  <datafield tag="020" ind1=" " ind2=" ">
    <subfield code="a">9789944604765</subfield>
  </datafield>
  <datafield tag="040" ind1=" " ind2=" ">
    <subfield code="a">Milas</subfield>
    <subfield code="b">tur</subfield>
    <subfield code="c">TR-AnCHP</subfield>
  </datafield>
  <datafield tag="041" ind1=" " ind2=" ">
    <subfield code="a">tur</subfield>
  </datafield>
  <datafield tag="082" ind1=" " ind2=" ">
    <subfield code="a">341.242</subfield>
    <subfield code="b">S26 2009</subfield>
  </datafield>
  <datafield tag="090" ind1=" " ind2=" ">
    <subfield code="a">341.242 S26 2009</subfield>
  </datafield>
  <datafield tag="100" ind1=" " ind2=" ">
    <subfield code="a">Sar&#x131;ibrahimo&#x11F;lu, Y. Selim</subfield>
  </datafield>
  <datafield tag="245" ind1=" " ind2=" ">
    <subfield code="a">T&#xFC;rkiye ile Avrupa Birli&#x11F;i aras&#x131;nda tamamlanmas&#x131; &#xF6;ng&#xF6;r&#xFC;len G&#xFC;mr&#xFC;k Birli&#x11F;i karar&#x131; &#x131;&#x15F;&#x131;&#x11F;&#x131;nda YEDA&#x15E; davas&#x131;</subfield>
    <subfield code="c">Y. Selim Sar&#x131;ibrahimo&#x11F;lu ; tez dan&#x131;&#x15F;man&#x131; G&#xF6;k&#xE7;en Alpkaya</subfield>
  </datafield>
  <datafield tag="260" ind1=" " ind2=" ">
    <subfield code="a">Ankara </subfield>
    <subfield code="b">Ankara &#xDC;niversitesi Sosyal Bilimler Enstit&#xFC;s&#xFC;</subfield>
    <subfield code="c">2009</subfield>
  </datafield>
  <datafield tag="300" ind1=" " ind2=" ">
    <subfield code="a">180 s.</subfield>
    <subfield code="c">24 sm.</subfield>
  </datafield>
  <datafield tag="500" ind1=" " ind2=" ">
    <subfield code="a">Kaynak&#xE7;a var.</subfield>
  </datafield>
  <datafield tag="502" ind1=" " ind2=" ">
    <subfield code="a">Doktora Tezi</subfield>
  </datafield>
  <datafield tag="610" ind1=" " ind2=" ">
    <subfield code="a">YEDA&#x15E;</subfield>
  </datafield>
  <datafield tag="610" ind1=" " ind2=" ">
    <subfield code="a">Avrupa Birli&#x11F;i</subfield>
    <subfield code="x">G&#xFC;mr&#xFC;k Birli&#x11F;i</subfield>
    <subfield code="z">T&#xFC;rkiye</subfield>
  </datafield>
  <datafield tag="700" ind1=" " ind2=" ">
    <subfield code="a">Alpkaya, G&#xF6;k&#xE7;en </subfield>
  </datafield>
  <datafield tag="942" ind1=" " ind2=" ">
    <subfield code="2">ddc</subfield>
    <subfield code="c">BKS</subfield>
  </datafield>
  <datafield tag="952" ind1=" " ind2=" ">
    <subfield code="a">0001</subfield>
    <subfield code="b">0001</subfield>
    <subfield code="d">2016-12-27</subfield>
    <subfield code="e">2</subfield>
    <subfield code="l">0</subfield>
    <subfield code="o">341.242 S26 2009</subfield>
    <subfield code="p">010851</subfield>
    <subfield code="r">2016-12-27 00:00:00</subfield>
    <subfield code="v">0.00</subfield>
    <subfield code="w">2016-12-27</subfield>
    <subfield code="y">BKS</subfield>
  </datafield>
  <datafield tag="999" ind1=" " ind2=" ">
    <subfield code="c">5527</subfield>
    <subfield code="d">5527</subfield>
  </datafield>
</record>
